Statystyki dla quiz o Dawidzie Kwiatkowskim

Kliknij tutaj aby rozwiązać quiz!

Ogólne statystyki

  • Ten quiz został rozwiązany 132 razy
  • Średni wynik to 9 z 15

Statystyki odpowiedzi

pytanieodpowiedz% Poprawnych
Czy jest gejem?nie
89%
w jakim miesiącu się urodził?styczeń
85%
Kim Cleo jest dla Dawida?przyjaciółką
84%
w którym roku się urodził?1996
76%
jak mają na imię jego bracia?Mateusz i Michał
70%
W którym roku wydał swoją pierwszą piosenkę?2013
67%
Z której piosenki jest ten fragment:"Marzymy pod kocami o miłości..."proste
67%
Ile ma w jego ostatniej płycie piosenek (2022 r)11
62%
jak nazywa sie pierwsza piosenka Dawida?biegnijmy
61%
Jak nazywa się jego rodzinne miasto?Gorzów Wielkopolski
57%
Jak na imię ma pies Dawida?Weedy
57%
Jak nazywa się jego ostatnia płyta?(2022 r.)Dawid Kwiatkowski
53%
Która piosenka była jego pierwszą piosenką po dwuletniej przerwie?Bez ciebie
43%
jak nazywa się jego pierwsza plyta?9893
40%
Jak nazywają się jego obozy?strefa twórcza
33%

Rozkład punktacji

Percentyl według liczby udzielonych odpowiedzi

Procent ludzi z każdym wynikiem

Twoja historia wyników

Nie rozwiązałeś tego quizu